Eredivisie champions - Statistics

General Stats
  • This quiz has been taken 183 times
  • The average score is 64 of 68
Answer Stats
Hint Answer % Correct
2021/22 Ajax
100%
2020/21 Ajax
100%
2018/19 Ajax
100%
2013/14 Ajax
100%
2012/13 Ajax
100%
2011/12 Ajax
100%
2010/11 Ajax
100%
2003/04 Ajax
100%
2001/02 Ajax
100%
1997/98 Ajax
100%
1995/96 Ajax
100%
1994/95 Ajax
100%
1993/94 Ajax
100%
1989/90 Ajax
100%
1984/85 Ajax
100%
1982/83 Ajax
100%
1981/82 Ajax
100%
1979/80 Ajax
100%
1976/77 Ajax
100%
1972/73 Ajax
100%
1971/72 Ajax
100%
1969/70 Ajax
100%
1967/68 Ajax
100%
1966/67 Ajax
100%
1965/66 Ajax
100%
1959/60 Ajax
100%
1956/57 Ajax
100%
2024/25 PSV
99%
2023/24 PSV
99%
2017/18 PSV
99%
2015/16 PSV
99%
2014/15 PSV
99%
2007/08 PSV
99%
2006/07 PSV
99%
2005/06 PSV
99%
2004/05 PSV
99%
2002/03 PSV
99%
2000/01 PSV
99%
1999/00 PSV
99%
1996/97 PSV
99%
1991/92 PSV
99%
1990/91 PSV
99%
1988/89 PSV
99%
1987/88 PSV
99%
1986/87 PSV
99%
1985/86 PSV
99%
1977/78 PSV
99%
1975/76 PSV
99%
1974/75 PSV
99%
1962/63 PSV
99%
2022/23 Feyenoord
98%
2016/17 Feyenoord
98%
1998/99 Feyenoord
98%
1992/93 Feyenoord
98%
1983/84 Feyenoord
98%
1973/74 Feyenoord
98%
1970/71 Feyenoord
98%
1968/69 Feyenoord
98%
1964/65 Feyenoord
98%
1961/62 Feyenoord
98%
1960/61 Feyenoord
98%
2008/09 AZ
90%
1980/81 AZ
90%
2009/10 FC Twente
58%
1958/59 Sparta
57%
1963/64 DWS
17%
1957/58 DOS
16%
1978/79 Ajaz
3%
No matching quizzes found
Score Distribution
Percent of People with Each Score
Percentile by Number Answered
Your Score History
You have not taken this quiz